Diálogos entre Linguística e Educação: a linguagem em foco

Збережено в:
Бібліографічні деталі
Автор: Heinig, Otilia Lizete de Oliveira Martins (organizadora)
Інші автори: Fronza, Catia de Azevedo (organizadora)
Формат: Книга
Мова:Англійська
Опубліковано: Blumenau, Brasil: Edifurb, 2010
Предмети:
Теги: Додати тег
Немає тегів, Будьте першим, хто поставить тег для цього запису!

MARC

LEADER 00000nam a22000007a 4500
003 CL-VaPUC
005 20220526095247.0
008 220401b2010 ||||| |||| 00| 0 eng d
999 |c 435247  |d 435245 
020 |a 978-85-71114-291-6 
040 |c Pontificia Universidad Católica de Valparaíso 
082 0 4 |2 21  |a 372.6 HEI 2010 
100 1 |a Heinig, Otilia Lizete de Oliveira Martins  |e organizadora  |9 867892 
245 1 0 |a Diálogos entre Linguística e Educação: a linguagem em foco 
260 |a Blumenau, Brasil:  |b Edifurb,  |c 2010 
300 |a 256 páginas 
500 |a C.1 Donación Familia profesor Giovanni Parodi S. Memo 01/2022. 25-03-2022 
583 |c 20220401  |k Catalogador Asistente 
650 1 |a Lingüística  |x Lenguaje y educación  |9 869070 
650 1 |a Lingüística  |x Educación especial  |9 869071 
700 |a Fronza, Catia de Azevedo   |e organizadora  |9 867893 
942 |2 ddc  |c BK 
952 |0 0  |1 0  |2 ddc  |4 0  |6 372_600000000000000_HEI_2010  |7 0  |8 C_GPS  |9 582383  |a FDOPOS  |b FDOPOS  |c GEN  |d 2022-04-01  |e Donación  |i 5650620  |o 372.6 HEI 2010  |p 5650620  |r 2025-01-22  |t 1  |w 2022-04-01  |y BK  |k MLA